Fitzpatrick. Dermatología en Medicina General. (Registro nro. 2893)

Detalles MARC
000 -LEADER
fixed length control field 01545nam a2200349 a 4500
005 - FECHA ULTIMA MODIFICACION
control field 20240801135206.0
008 - CAMPO DE CONTROL (LIBRO)
fixed length control field 100511t2009||||ag a f |||| 00| 0 spa d
020 ## - INTERNATIONAL STANDARD BOOK NUMBER
ISBN 9789500617031
041 ## - CODIGO DE IDIOMA
Código de idioma del texto/pista de sonido o título separado spa
092 ## - SIGNATURA TOPOGRAFICA DEWEY LOCAL
número de clasificación 616.5
libristica 27
sección FIT
245 ## - TITULO PROPIAMENTE DICHO
Título Fitzpatrick. Dermatología en Medicina General.
Subtítulo y Título paralelo T.4 /
Mención de responsabilidad y remanente de la transcripción de la portada Klaus Wolff
250 ## - MENCION DE EDICION
Mención de edición 7a ed.
Mención de responsabilidad relacionada con la ed. Traducción Alvarez, J.P.; Carini, F.; Facorro, L.; Klajn, D.; Lopez, G.; Mezzano, G.; Rodriguez Chiapetta, F. y Taveira, J.
260 ## - PIE DE IMPRENTA
Lugar de publicación, distribución, etc Buenos Aires:
Nombre de la editorial, distribuidor, etc Editorial Médica Panamericana;
Fecha de publicación 2009.
300 ## - DESCRIPCION FISICA
Extension 2067-2402 p.
Otros detalles físicos il.
Dimensiones 28x22 cm.
500 ## - NOTA GENERAL
Nota general Wolff, K. (Dir.). et al. (2009). Fitzpatrick. Dermatología en medicina general. T.4 (7a ed.). Buenos Aires : Editorial Médica Panamericana.
590 ## - NOTAS LOCALES (RLIN)
Nota local Donación Alvarez, Betsabe. Abril 2019
653 ## - TÉRMINO INDIZADO - PALABRAS CLAVES
Palabra clave Enfermedades cutáneas ocupaciones y enfermedades cutáneas por armas biológicas. Enfermedades cutáneas ocupacionales
653 ## - TÉRMINO INDIZADO - PALABRAS CLAVES
Palabra clave La piel en el bioterrorismo y la guerra biológica
653 ## - TÉRMINO INDIZADO - PALABRAS CLAVES
Palabra clave Terapéutica. Tratamiento tópico
653 ## - TÉRMINO INDIZADO - PALABRAS CLAVES
Palabra clave Tratamiento sistémico
653 ## - TÉRMINO INDIZADO - PALABRAS CLAVES
Palabra clave Tratamientos físicos
653 ## - TÉRMINO INDIZADO - PALABRAS CLAVES
Palabra clave Dermatología complementaria y alternativa
653 ## - TÉRMINO INDIZADO - PALABRAS CLAVES
Palabra clave Cirugía en dermatología
653 ## - TÉRMINO INDIZADO - PALABRAS CLAVES
Palabra clave Dermatología cosmética
700 1# - ENTRADAS SECUNDARIAS - NOMBRE PERSONAL
Nombre personal Wolff, Klaus
Función Dir.
9 (RLIN) 191
700 1# - ENTRADAS SECUNDARIAS - NOMBRE PERSONAL
Nombre personal Goldsmith, Lowell
Función Dir.
9 (RLIN) 4036
700 1# - ENTRADAS SECUNDARIAS - NOMBRE PERSONAL
Nombre personal Katz, Stephen I.
Función Dir.
9 (RLIN) 194
700 1# - ENTRADAS SECUNDARIAS - NOMBRE PERSONAL
Nombre personal Gilchrest, Barbara A.
Función Dir.
9 (RLIN) 4037
700 1# - ENTRADAS SECUNDARIAS - NOMBRE PERSONAL
Nombre personal Paller, Amy S.
Función Dir.
9 (RLIN) 4038
700 1# - ENTRADAS SECUNDARIAS - NOMBRE PERSONAL
Nombre personal Leffell, David J.
Función Dir.
9 (RLIN) 4039
942 ## - ADDED ENTRY ELEMENTS (KOHA)
Source of classification or shelving scheme Dewey Decimal Classification
Item type Libros
Existencias
Estado de retiro Existencia Fuente de clasificación Estado general No para prestamo Ubicación permanente ubicación actual Sala de ubicación Fecha de adquisición Fuente de adquisición Total Checkouts Total Renewals Número de clasificación Código de barras Date last seen Date last borrowed Número de ejemplar Price effective from Koha tipo de elemento (item) Public note
    Dewey Decimal Classification     Biblioteca Medicina Biblioteca Medicina Circulación 04/04/2019 Donación Betsabe Alvarez, Abril 2019 1 1 616.5 27 FIT 4418 21/11/2023 06/11/2023 Ej.1 04/04/2019 Libros Donación Betsabe Alvarez, Abril 2019

UNIVERSIDAD NACIONAL DEL COMAHUE
Biblioteca de la Facultad de Ciencias Médicas
Sede Toschi: Los Arrayanes y Av. Toschi, Cipolletti  - Rio Negro
Sede Los Tordos:  Yrigoyen al 2211, Cipolletti - Rio Negro 

Teléfono: 0299 - 4774707 int 25
Contacto: biblioteca@facimed.uncoma.edu.ar
© 2011 - 2026